书目信息 |
| 题名: |
Red Hat Linux 7技术大全
|
|
| 作者: | Bill Ball 著 ;周 旭 译 | |
| 分册: | ||
| 出版信息: | 北京 机械工业出版社 2001.09 |
|
| 页数: | 716页 | |
| 开本: | 小16开 | |
| 丛书名: | ||
| 单 册: | ||
| 中图分类: | TP316.89 | |
| 科图分类: | ||
| 主题词: | 软件 | |
| 电子资源: | ||
| ISBN: | 7-111-09040-3 | |
| 000 | 00652nam0 2200217 45 | |
| 001 | 0206121694 | |
| 005 | 20020612162032.1 | |
| 010 | @a7-111-09040-3@d108.00元 | |
| 100 | @a20020612d2001 km y0chiy0120 ea | |
| 101 | 0 | @achi |
| 105 | @a z 000yy | |
| 200 | 1 | @aRed Hat Linux 7技术大全@ARed Hat Linux 7 Ji Shu Da Quan@f(美)Bill Ball等著@F(Mei)Bill Ball Deng Zhu@g周 旭等译 |
| 210 | @a北京@c机械工业出版社@d2001.09 | |
| 215 | @a716页@d小16开 | |
| 300 | @a光盘3张 | |
| 606 | 0 | @a软件 |
| 690 | @aTP316.89@v3 | |
| 701 | 0 | @aBill Ball@4著 |
| 702 | 0 | @a周 旭@AZhou Xu@4译 |
| 801 | @aCN@bPftUser@c20020612 | |
| 905 | @aBZT@b340357-358@dTP316.89@e1@f2 | |
| Red Hat Linux 7技术大全/(美)Bill Ball等著/周 旭等译.-北京:机械工业出版社,2001.09 |
| 716页;小16开 |
| 光盘3张 |
| ISBN 7-111-09040-3:108.00元 |
| ● |
| 相关链接 |
|
|
|
正题名:Red Hat Linux 7技术大全
索取号:TP316.89/1
 
预约/预借
| 序号 | 登录号 | 条形码 | 馆藏地/架位号 | 状态 | 备注 |
| 1 | 340357 | 201166095 | 中心书库中库/ 中库027架A面2列3层16/ [索取号:TP316.89/1] | 在馆 | |
| 2 | 340358 | 201166102 | 中心书库中库/ 中库026架B面1列1层7/ [索取号:TP316.89/1] | 在馆 |